Catálogo - Centro de Recursos para el Aprendizaje y la Investigación

Volver al Sitio - CRAI Biblioteca

El principio de la irretroactividad de las leyes y la jurisprudencia dominicana / (Registro nro. 113403)

Detalles MARC
000 -CABECERA
campo de control de longitud fija 01418nam a2200313Ia 4500
001 - NÚMERO DE CONTROL
campo de control 113403
003 - IDENTIFICADOR DEL NÚMERO DE CONTROL
campo de control DR-UNIBE
005 - FECHA Y HORA DE LA ÚLTIMA TRANSACCIÓN
campo de control 20250402150125.0
008 - DATOS DE LONGITUD FIJA--INFORMACIÓN GENERAL
campo de control de longitud fija 25040222022 dr spa a 0000000000spa00
020 ## - NÚMERO INTERNACIONAL ESTÁNDAR DEL LIBRO
Número Internacional Estándar del Libro 9789945643473 (impreso)
020 ## - NÚMERO INTERNACIONAL ESTÁNDAR DEL LIBRO
Número Internacional Estándar del Libro 9789945643497 (electrónico)
040 ## - FUENTE DE LA CATALOGACIÓN
Centro catalogador/agencia de origen BIBLIOTECA UNIBE
Centro/agencia transcriptor BIBLIOTECA UNIBE
Lengua de catalogación spa
041 ## - CÓDIGO DE LENGUA
Código de lengua del texto/banda sonora o título independiente spa
082 0# - NÚMERO DE LA CLASIFICACIÓN DECIMAL DEWEY
Número de clasificación RD 348.04 M671p 2022
100 10 - ENTRADA PRINCIPAL--NOMBRE DE PERSONA
Nombre de persona Mirabal, Minerva
Forma completa/desarrollada del nombre (Mirabal Reyes, Minerva Argentina),
Fechas asociadas al nombre 1926-1960
Término indicativo de función/relación autor
9 (RLIN) 193814
245 13 - MENCIÓN DE TÍTULO
Título El principio de la irretroactividad de las leyes y la jurisprudencia dominicana /
Mención de responsabilidad, etc. Minerva Mirabal
250 ## - MENCIÓN DE EDICIÓN
Mención de edición Primera edición
260 4# - PUBLICACIÓN, DISTRIBUCIÓN, ETC.
Lugar de publicación, distribución, etc. Santo Domingo :
Nombre del editor, distribuidor, etc. Tribunal Constitucional de la República Dominicana. Centro de Estudios Constitucionales,
Fecha de publicación, distribución, etc. 2022
300 4# - DESCRIPCIÓN FÍSICA
Extensión 71 páginas
490 ## - MENCIÓN DE SERIE
Mención de serie Colección Clásicos de Derecho Constitucional
500 4# - NOTA GENERAL
Nota general Tesis de grado presentada en la Universidad de Santo Domingo 1957
504 ## - NOTA DE BIBLIOGRAFÍA, ETC.
Nota de bibliografía, etc. Incluye referencias bibliográficas (página: 71) e índice
505 0# - NOTA DE CONTENIDO CON FORMATO
Nota de contenido con formato Introducción |<br/>Capítulo I. Teoría general de la retroactividad |<br/>Capítulo II. Derecho francés |<br/>Capítulo III. Derecho dominicano |<br/>Conclusiones |<br/>Bibliografía
650 #7 - PUNTO DE ACCESO ADICIONAL DE MATERIA--TÉRMINO DE MATERIA
Término de materia o nombre geográfico como elemento de entrada Leyes
9 (RLIN) 141884
Fuente del encabezamiento o término lemb
650 #7 - PUNTO DE ACCESO ADICIONAL DE MATERIA--TÉRMINO DE MATERIA
Término de materia o nombre geográfico como elemento de entrada Interpretación del derecho
9 (RLIN) 105521
Fuente del encabezamiento o término lemb
951 ## - EQUIVALENCIA O REFERENCIA-CRUZADA--NOMBRE GEOGRÁFICO/NOMBRE DE ÁREA [OBSOLETO] [solamente CAN/MARC]
Nombre geográfico 20061022 10:18:00
700 1# - PUNTO DE ACCESO ADICIONAL--NOMBRE DE PERSONA
Nombre de persona Ray Guevara, Milton,
Fechas asociadas al nombre 1948-
Término indicativo de función/relación presentación
942 ## - ELEMENTOS DE PUNTO DE ACCESO ADICIONAL (KOHA)
Tipo de ítem Koha Libro (general)
Fuente del sistema de clasificación o colocación Sistema de Clasificación Decimal Dewey
Existencias
Estado de retiro Estado de pérdida Fuente del sistema de clasificación o colocación No para préstamo Código de colección Localización permanente Fecha de adquisición Total de préstamos Signatura topográfica completa Código de barras Fecha visto por última vez Número de copia Precio válido a partir de Tipo de ítem Koha
  Disponible Sistema de Clasificación Decimal Dewey   General - Libros dominicanos Biblioteca Central UNIBE 02/02/2025   RD 348.04 M671p 2022 250296 02/04/2025 Ej. 1 02/04/2025 Libro (general)